000 00749nam a22002177a 4500
005 20140703150140.0
010 _aB-495749
020 _a9788184245790
_c300.00
035 _aB-495749
037 _adpl
_bAllied Pub/Ven
082 _a921
100 _aSubas Chandran, P.R.
245 _aWho Wrote My Destiny:
_bDhar Galli to Delhi/
_cby P.R.Subas Chandran
250 _a3rd edn
260 _aNew Delhi
_bAllied Pub
_c2013
270 _a1/13-14 Asaf Ali Road,
_bNew Delhi
_e110002
300 _a322p.
_bill.
_c21cm(pbk)
500 _aAuthorised biography of Sushilkumar Shinde
942 _2ddc
_cEN
_h921
_mSUB
999 _c82505
_d82505